| 000 | 01224nam0a2200337 4500 | ||
|---|---|---|---|
| 001 | RU\NLR\BIBL_A\012321190 | ||
| 005 | 20210617100034.0 | ||
| 010 |
_a978-5-93681-143-2 _9100 |
||
| 021 |
_aRU _bКН-П-20-022087 _9КН-П-20-1727 |
||
| 035 | _a(NLR Aleph) 012321190 | ||
| 035 | _a(RuMoRGB)010326621 | ||
| 090 |
_a11422434 _c11422434 |
||
| 100 | _a20200826d2019 u y0rusy50 ca | ||
| 101 | 0 | _arus | |
| 102 | _aRU | ||
| 105 | _aa|||z|||000gy | ||
| 181 | 0 |
_ai _baxxe |
|
| 182 | 0 | _an | |
| 200 | 1 |
_aМелодия дождя _e[стихи] _fЛейла Канамготова (Уянаева) |
|
| 203 |
_aТекст _bвизуальный _cнепосредственный |
||
| 210 |
_aНальчик _cИзд-во М. и В. Котляровых (Полиграфсервис и Т) _d2019 |
||
| 215 |
_a79 с. _cил. _d21 |
||
| 333 | _a16+ | ||
| 686 | 2 | _aШ6(2=К)7-5 | |
| 700 | 1 |
_aКанамготова _bЛ. К. _f1982- _gЛейла Казимовна |
|
| 942 | _cBOOK | ||
| 980 | _aNBR | ||
| 980 | _aNB | ||